Logo

Description automatically generated
विद्यार्जन
 संसाधन केंद्र, भारतीय प्रौद्योगिकी संस्थान इन्दौर
Learning Resource Center, Indian Institute of Technology Indore

ऑनलाइन सार्वजनिक अभिगम प्रसूची
Online Public Access Catalogue (OPAC)

Global matters : the transnational turn in literary studies (Record no. 57315)

MARC details
000 -LEADER
fixed length control field 00927nam a2200241Ia 4500
005 - DATE AND TIME OF LATEST TRANSACTION
control field 20260629163254.0
008 - FIXED-LENGTH DATA ELEMENTS--GENERAL INFORMATION
fixed length control field 260629s9999||||xx |||||||||||||| ||und||
020 ## - INTERNATIONAL STANDARD BOOK NUMBER
International Standard Book Number 9780801476075
Qualifying information pbk
082 ## - DEWEY DECIMAL CLASSIFICATION NUMBER
Classification number 809.93358
Item number JAY
100 ## - MAIN ENTRY--PERSONAL NAME
Personal name Jay, Paul
245 #0 - TITLE STATEMENT
Title Global matters : the transnational turn in literary studies
260 ## - PUBLICATION, DISTRIBUTION, ETC.
Place of publication, distribution, etc. New York
Name of publisher, distributor, etc. Cornell University Press
Date of publication, distribution, etc. 2010
300 ## - PHYSICAL DESCRIPTION
Extent xi, 231p. ; 23c,.
653 ## - INDEX TERM--UNCONTROLLED
Uncontrolled term Commonwealth fiction (English)--History and criticism
653 ## - INDEX TERM--UNCONTROLLED
Uncontrolled term Comparative literature--American and Commonwealth (English)
653 ## - INDEX TERM--UNCONTROLLED
Uncontrolled term Comparative literature--Commonwealth (English) and American
653 ## - INDEX TERM--UNCONTROLLED
Uncontrolled term Comparative literature--Commonwealth (English) and English
653 ## - INDEX TERM--UNCONTROLLED
Uncontrolled term Comparative literature--English and Commonwealth (English)
653 ## - INDEX TERM--UNCONTROLLED
Uncontrolled term Globalization in literature
653 ## - INDEX TERM--UNCONTROLLED
Uncontrolled term Multiculturalism in literature
653 ## - INDEX TERM--UNCONTROLLED
Uncontrolled term Transnationalism in literature
942 ## - ADDED ENTRY ELEMENTS (KOHA)
Koha item type Book
Holdings
Withdrawn status Lost status Damaged status Not for loan Home library Current library Shelving location Date acquired Source of acquisition Total Checkouts Full call number Barcode Date last seen Price effective from Koha item type
        LRC, IIT Indore LRC, IIT Indore 2nd Floor - General Stack 29/06/2026 Gratis Book Price: USD 30.95   809.93358 JAY G2540 29/06/2026 29/06/2026 Book
Copyright © 2017-2026 Indian Institute of Technology Indore. All Rights Reserved.
Managed & maintained by Learning Resource Center, IIT Indore